LEADER 00943nam0-22002891i-450 001 990001827060403321 005 20190529131427.0 035 $a000182706 035 $aFED01000182706 035 $a(Aleph)000182706FED01 035 $a000182706 100 $a20021010d1997----km-y0itay50------ba 101 0 $aita 200 1 $aMatteo Ripa, Carlo VI, la compagnia di Ostenda e il progetto di fondazione a Napoli di un Collegio dei cinesi$fMicheleFatica. 210 $aNapoli$cIstituto Universitario Orientale$d1997. 215 $a29 p.$d23 cm 610 0 $aCina - storia 676 $a951 700 1$aFatica,$bMichele$080358 801 0$aIT$bUNINA$gRICA$2UNIMARC 901 $aLG 912 $a990001827060403321 952 $a60 OP. 143/19$b7465$fFAGBC 959 $aFAGBC 996 $aMatteo Ripa, Carlo VI, la compagnia di Ostenda e il progetto di fondazione a Napoli di un Collegio dei cinesi$9411517 997 $aUNINA DB $aING01 LEADER 01368nam0 22002893i 450 001 VAN0257900 005 20230508080945.923 017 70$2N$a978-3-030-96855-7 100 $a20230508d2022 |0itac50 ba 101 $aeng 102 $aCH 105 $a|||| ||||| 200 1 $aˆThe ‰Precambrian Geology of Lithuania$eAn Integratory Study of the Platform Basement Structure and Evolution$fGediminas Motuza 210 $aCham$cSpringer$d2022 215 $aXVI, 203 p.$cill.$d24 cm 410 1$1001VAN0237255$12001 $aRegional Geology Reviews$1210 $aCham$cSpringer$d2013- 620 $aCH$dCham$3VANL001889 700 1$aMotuza$bGediminas$3VANV211665$01264644 712 $aSpringer $3VANV108073$4650 801 $aIT$bSOL$c20240614$gRICA 856 4 $uhttps://link.springer.com/book/10.1007/978-3-030-96855-7$zE-book - Accesso al full-text attraverso riconoscimento IP di Ateneo, proxy e/o Shibboleth 899 $aBIBLIOTECA DEL DIPARTIMENTO DI SCIENZE E TECNOLOGIE AMBIENTALI BIOLOGICHE E FARMACEUTICHE$1IT-CE0101$2VAN17 912 $fN 912 $aVAN0257900 950 $aBIBLIOTECA DEL DIPARTIMENTO DI SCIENZE E TECNOLOGIE AMBIENTALI BIOLOGICHE E FARMACEUTICHE$d17CONS e-book 2307 $e17BIB2307/546 546 20230508 $sBuono 996 $aPrecambrian Geology of Lithuania$93090902 997 $aUNICAMPANIA